Normal view
MARC view
- غسيل الأموال - مكافحة - الأردن
Entry Topical Term
001 - CONTROL NUMBER
- control field: 47417
003 - CONTROL NUMBER IDENTIFIER
- control field: JO-AjAnu
005 - DATE AND TIME OF LATEST TRANSACTION
- control field: 20230606081828.0
008 - FIXED-LENGTH DATA ELEMENTS
- fixed length control field: 230606|| aca||aabn | a|a d
040 ## - CATALOGING SOURCE
- Original cataloging agency: JO-AjAnu
- Transcribing agency: JO-AjAnu
150 ## - HEADING--TOPICAL TERM
- Topical term or geographic name entry element: غسيل الأموال - مكافحة - الأردن
670 ## - SOURCE DATA FOUND
- Source citation: Work cat.: (JO-AjAnu)24266: عنيزات، معتصم فلاح, author 47416, جريمة غسل الاموال ودور المصارف والبنوك في الاردن اتجاهها من وجهة نظر العاملين فيها